000 00669cam a22002053a 4500
001 41856
003 PGUSA
005 20140828083938.0
008 130116s2013||||xxu|||||s|||||000 | eng d
040 _aPGUSA
_beng
042 _adc
100 1 _aFetter, Frank A.
_q(Frank Albert),
_d1863-1949
245 1 0 _aManual of References and Exercises in Economics :
_bFor Use with Volume II. Modern Economic Problems
_h[electronic resource] /
_cFrank A. Fetter
260 _bProject Gutenberg,
_c2013
506 _aPublic domain in the USA.
516 _aElectronic text
830 0 _aProject Gutenberg
_v41856
856 4 0 _uhttp://www.gutenberg.org/ebooks/41856
942 _cEB
999 _c271108
_d271108